Provinces of Japan in Meiji era - Statistics

General Stats
  • This quiz has been taken 667 times
  • The average score is 49 of 85
Answer Stats
Current Prefecture Previous Province % Correct
Satsuma
80%
Chiba Awa
77%
Tokushima Awa
77%
Niigata Echigo
77%
Tokyo Musashi
77%
Echizen
76%
Izu
74%
Kochi Tosa
74%
Aomori Mutsu
72%
Bizen
71%
Okinawa Ryukyu
70%
Nara Yamato
70%
Bitchū
69%
Aki
68%
Wakayama Kii
68%
Nagano Shinano
68%
Kumamoto Higo
67%
Nagasaki Hizen
67%
Hiroshima Bingo
66%
Toyama Etchū
66%
Ise
66%
Ehime Iyo
66%
Shimane Izumo
65%
Yamanashi Kai
65%
Mikawa
65%
Kagawa Sanuki
64%
Fukuoka Chikuzen
63%
Ibaraki Hitachi
63%
Oki
63%
Shiga Ōmi
62%
Oita Bungo
61%
Aichi Owari
61%
Tsushima
61%
Chikugo
60%
Noto
60%
Kanagawa Sagami
60%
Shimōsa
60%
Miyazaki Hyūga
59%
Izumi
59%
Gifu Mino
59%
Sado
59%
Settsu
59%
Tango
59%
Kyoto Yamashiro
59%
Fukuoka Buzen
58%
Nagato
58%
Shima
58%
Suruga
58%
Hyogo Awaji
57%
Hida
57%
Ishikawa Kaga
57%
Kazusa
56%
Mie Iga
55%
Tochigi Shimotsuke
55%
Kyoto Tamba
55%
Hyogo Harima
54%
Nagasaki Iki
54%
Gunma Kōzuke
54%
Osaka Kawachi
52%
Yamaguchi Suō
52%
Shizuoka Tōtōmi
52%
Miyagi Rikuzen
50%
Iwami
49%
Kushiro
49%
Tokachi
49%
Okayama Mimasaka
48%
Iwate Rikuchū
48%
Akita Ugo
48%
Yamagata Uzen
48%
Fukui Wakasa
48%
Nemuro
47%
Hyogo Tajima
47%
Hōki
46%
Tottori Inaba
46%
Fukushima Iwaki
46%
Kagoshima Ōsumi
46%
Ishikari
42%
Kitami
42%
Iwashiro
41%
Hokkaido Oshima
41%
Teshio
40%
Hidaka
38%
Iburi
36%
Chishima
34%
Shiribeshi
33%
No matching quizzes found
Score Distribution
Percent of People with Each Score
Percentile by Number Answered
Your Score History
You have not taken this quiz